000 00769nam a2200241 4500
001 126828
003 ES-MaACL
005 20230906192906.0
007 t|
008 070214s1977 ag r ||||1| spa d
020 _a84-610-1008-6
100 1 _aRex, John.
_996478
245 1 0 _aProblemas fundamentales de la teoría sociológica /
_cJohn Rex ; traducción de Néstor A. Míguez ; revisión técnica de Carlos Flood.
250 _a1ª. ed.
260 _aBuenos Aires :
_bAmorrortu,
_c1977.
300 _a231 p. ;
_c20 cm.
490 1 _aBiblioteca de sociología
700 0 _aMíguez, Néstor.
_981054
700 1 _aFlood, Carlos.
_951230
830 0 _aBiblioteca de sociología
_9179787
852 _aES-MaACL
_jL-8620
_bR.109062
999 _c126828
_d126828